[Event "anyone for tennis (I mean chess of course)"]
[Site "SchemingMind.com"]
[Date "2013.12.31"]
[Round "-"]
[White "kenneth m day"]
[Black "Phillip Beckett"]
[Result "1-0"]
[WhiteCountry "USA"]
[BlackCountry "ENG"]
[WhiteElo "1764"]
[WhiteRD "48"]
[BlackElo "1562"]
[BlackRD "50"]
[GameID "344598"]

1. e4 e5 2. f4 Qh4+ 3. g3 Qe7 4. Nf3 exf4 5. d3 fxg3 6. hxg3 d5 7. Nc3 dxe4 8. dxe4 Nf6 9. Bd3 c6 10. Bg5 h6
11. Be3 Bg4 12. Qe2 Nbd7 13. O-O-O Ne5 14. Rdf1 Bxf3 15. Rxf3 Nxf3 16. Qxf3 a5 17. Na4 b5 18. Nc3 a4 19. e5 Nd7 20. Qxc6 Rd8
21. Nxb5 Qe6 22. Nc7+
1-0

[Event "anyone for tennis (I mean chess of course)"]
[Site "SchemingMind.com"]
[Date "2013.12.31"]
[Round "-"]
[White "Phillip Beckett"]
[Black "kenneth m day"]
[Result "0-1"]
[WhiteCountry "ENG"]
[BlackCountry "USA"]
[WhiteElo "1562"]
[WhiteRD "50"]
[BlackElo "1764"]
[BlackRD "48"]
[GameID "344599"]

1. e4 e5 2. Nf3 Nc6 3. Bb5 f5 4. Bxc6 dxc6 5. Nxe5 fxe4 6. Qh5+ g6 7. Nxg6 hxg6 8. Qxh8 Nf6 9. O-O Qe7 10. Nc3 Bf5
11. d3 O-O-O 12. Qh4 exd3 13. cxd3 Bxd3 14. Bg5 Bg7 15. Rfe1 Qd6 16. Rad1 Rh8 17. Qa4 Qxh2#
0-1

[Event "anyone for tennis (I mean chess of course)"]
[Site "SchemingMind.com"]
[Date "2014.01.03"]
[Round "-"]
[White "emvarela"]
[Black "Phillip Beckett"]
[Result "1-0"]
[WhiteCountry "ARG"]
[BlackCountry "ENG"]
[WhiteElo "1720"]
[WhiteRD "50"]
[BlackElo "1562"]
[BlackRD "50"]
[GameID "344746"]

1. e4 e5 2. Nf3 Nc6 3. d4 exd4 4. c3 dxc3 5. Bc4 d5 6. Bxd5 Nf6 7. Bxf7+ Kxf7 8. Qb3+ Be6 9. Ng5+ Kg6 10. Qxe6 Qe7
11. Qf5+ Kh6 12. Nf7#
1-0

[Event "anyone for tennis (I mean chess of course)"]
[Site "SchemingMind.com"]
[Date "2014.01.03"]
[Round "-"]
[White "emvarela"]
[Black "kenneth m day"]
[Result "1-0"]
[WhiteCountry "ARG"]
[BlackCountry "USA"]
[WhiteElo "1683"]
[WhiteRD "48"]
[BlackElo "1756"]
[BlackRD "49"]
[GameID "344747"]

1. e4 e5 2. Nf3 Nc6 3. Bb5 d6 4. d4 exd4 5. Nxd4 Bd7 6. Nc3 Nf6 7. Nxc6 bxc6 8. Bc4 Be7 9. Be3 O-O 10. O-O d5
11. exd5 cxd5 12. Nxd5 Nxd5 13. Bxd5 c6 14. Bf3 a5 15. Qd2 Re8 16. Rfd1 Bf6 17. Qxd7 Qxd7 18. Rxd7 Rac8 19. c3 c5 20. Ra7 Bd8
21. Bd5 Re7 22. Rxe7 Bxe7 23. c4 Bf6 24. Rb1 Rb8 25. b3 Rc8 26. Rd1 g5 27. g4 Rd8 28. Bxc5
1-0

[Event "anyone for tennis (I mean chess of course)"]
[Site "SchemingMind.com"]
[Date "2014.01.02"]
[Round "-"]
[White "Phillip Beckett"]
[Black "emvarela"]
[Result "1/2-1/2"]
[WhiteCountry "ENG"]
[BlackCountry "ARG"]
[WhiteElo "1543"]
[WhiteRD "52"]
[BlackElo "1683"]
[BlackRD "48"]
[GameID "344748"]

1. e4 e5 2. Nf3 Nc6 3. Bb5 a6 4. Ba4 Nf6 5. O-O Be7 6. Re1 b5 7. Bb3 O-O 8. d4 exd4 9. e5 Ne8 10. Bd5 Bb7
11. Bxc6 Bxc6 12. Qxd4 Bxf3 13. gxf3 c5 14. Qe4 Nc7 15. Bf4 Bg5 16. Bg3 Re8 17. f4 d5 18. Qf5 Bh6 19. Nc3 Ne6 20. Qh3 Nxf4
21. Bxf4 Bxf4 22. Qf5 Bd2 23. Re2 Bxc3 24. bxc3 Re6 25. f4 Rg6+ 26. Rg2 Rxg2+ 27. Kxg2 d4 28. cxd4 Qxd4 29. Rg1 Qd5+ 30. Kh3 Qe6
31. Qxe6 fxe6 32. Rd1 Kf7 33. Rd7+ Kg6 34. Re7 Kf5 35. Rxg7 Kxf4 36. Rxh7 Kxe5 37. Rh5+ Kd6 38. Kg4 b4 39. Rg5 a5 40. h4 c4
41. h5 e5 42. h6 Kd5 43. h7 Rh8 44. Rg7 a4 45. Rb7 b3 46. cxb3 axb3 47. axb3 cxb3 48. Kf5 b2 49. Rxb2 Rxh7 50. Rb5+ Kd4
51. Rb4+ Kd5 52. Rb5+ Kd6 53. Rb6+=
1/2-1/2

[Event "anyone for tennis (I mean chess of course)"]
[Site "SchemingMind.com"]
[Date "2014.01.04"]
[Round "-"]
[White "kenneth m day"]
[Black "emvarela"]
[Result "1-0"]
[WhiteCountry "USA"]
[BlackCountry "ARG"]
[WhiteElo "1764"]
[WhiteRD "48"]
[BlackElo "1720"]
[BlackRD "50"]
[GameID "344749"]

1. e4 e5 2. Nf3 Nc6 3. c3 d5 4. Qa4 Nf6 5. Nxe5 Bd7 6. Nxd7 Qxd7 7. exd5 Nxd5 8. Be2 Nb6 9. Qe4+ Be7 10. O-O O-O-O
11. Bg4
1-0

[Event "anyone for tennis (I mean chess of course)"]
[Site "SchemingMind.com"]
[Date "2014.01.04"]
[Round "-"]
[White "Sahajaxx"]
[Black "emvarela"]
[Result "1-0"]
[WhiteCountry "ENG"]
[BlackCountry "ARG"]
[WhiteElo "1989"]
[WhiteRD "92"]
[BlackElo "1720"]
[BlackRD "50"]
[GameID "344890"]

1. Nf3 d5 2. d4 Nf6 3. c4 c6 4. Nc3 e6 5. Bg5 dxc4 6. a4 Be7 7. e3 O-O 8. Bxc4 h6 9. Bh4 Nd5 10. Bxe7 Qxe7
11. Nxd5 exd5 12. Be2 Bg4 13. O-O Bxf3 14. Bxf3 Nd7 15. Qd2 Nf6 16. Rfc1 Ne4 17. Bxe4 Qxe4 18. Qc2 Qxc2 19. Rxc2 f5 20. g3 g5
21. Rac1 Rae8 22. a5 Rf7 23. a6 Re6 24. axb7 Rxb7 25. Rxc6 Rxc6 26. Rxc6 Rxb2 27. Rc8+ Kf7 28. Rc7+ Kg6 29. Rxa7 Rb5 30. Ra6+ Kg7
31. Kg2 h5 32. Rd6 Ra5 33. h3 Rb5 34. g4 hxg4 35. hxg4
1-0

[Event "anyone for tennis (I mean chess of course)"]
[Site "SchemingMind.com"]
[Date "2014.01.03"]
[Round "-"]
[White "Sahajaxx"]
[Black "Phillip Beckett"]
[Result "1/2-1/2"]
[WhiteCountry "ENG"]
[BlackCountry "ENG"]
[WhiteElo "1989"]
[WhiteRD "92"]
[BlackElo "1562"]
[BlackRD "50"]
[GameID "344891"]

1. d4 d5 2. c4 e6 3. Nf3 Nf6 4. Bg5 Be7 5. Nc3 h6 6. Bh4 O-O 7. e3 Ne4 8. Bxe7 Qxe7 9. Rc1 Nxc3 10. Rxc3 c6
11. Be2 dxc4 12. Bxc4 Nd7 13. O-O e5 14. dxe5 Nxe5 15. Nxe5 Qxe5 16. Qc2 Bf5 17. Bd3 Bxd3 18. Rxd3 Rad8 19. Rfd1 Qf6 20. Rxd8 Rxd8
21. Rxd8+ Qxd8 22. f3 g6 23. a3 Qb6=
1/2-1/2

[Event "anyone for tennis (I mean chess of course)"]
[Site "SchemingMind.com"]
[Date "2014.01.03"]
[Round "-"]
[White "Sahajaxx"]
[Black "kenneth m day"]
[Result "1-0"]
[WhiteCountry "ENG"]
[BlackCountry "USA"]
[WhiteElo "1989"]
[WhiteRD "92"]
[BlackElo "1764"]
[BlackRD "48"]
[GameID "344892"]

1. c4 g6 2. d4 Bg7 3. Nc3 d6 4. Nf3 Nf6 5. e4 O-O 6. Be2 e5 7. d5 Nbd7 8. O-O Nc5 9. Qc2 Qd7 10. b4 Na6
11. a3 c6 12. Rd1 Nc7 13. c5 cxd5 14. exd5 Qg4 15. cxd6 Nce8 16. h3 Bf5 17. Qb3 Qh5 18. Nxe5 Qh4 19. Nf3 Qh5 20. Ng5 Qh6
21. Nxf7 Rxf7 22. Bxh6 Bxh6 23. Nb5 a6 24. Nc7 Nxc7 25. dxc7 Rxc7 26. d6+ Rf7 27. Bc4
1-0

[Event "anyone for tennis (I mean chess of course)"]
[Site "SchemingMind.com"]
[Date "2014.01.04"]
[Round "-"]
[White "emvarela"]
[Black "Sahajaxx"]
[Result "0-1"]
[WhiteCountry "ARG"]
[BlackCountry "ENG"]
[WhiteElo "1683"]
[WhiteRD "48"]
[BlackElo "2013"]
[BlackRD "90"]
[GameID "344893"]

1. e4 e6 2. d4 d5 3. Nc3 Bb4 4. e5 c5 5. a3 cxd4 6. Qxd4 Nc6 7. Qg4 Bf8 8. Bb5 Bd7 9. Nf3 h6 10. Be3 a6
11. Bxc6 Bxc6 12. Nd4 h5 13. Qg5 Qxg5 14. Bxg5 Ne7 15. Bxe7 Bxe7 16. Nxc6 bxc6 17. O-O-O O-O 18. f4 c5 19. h3 Bh4 20. Ne2 Bf2
21. g4 Be3+ 22. Kb1 d4 23. c3 Rfd8 24. cxd4 cxd4 25. Rd3 hxg4 26. hxg4 Rac8 27. f5 exf5 28. gxf5 Rc5 29. Rh4 Rxe5 30. Nxd4 Bxd4
31. Rhxd4 Rxd4 32. Rxd4 Rxf5 33. Rd6 a5 34. Kc2 g5 35. Rd4 Kg7 36. b4 axb4 37. axb4 Rb5 38. Kc3 f5 39. Kc4 Rb8 40. b5 f4
41. Rd1 Kf6 42. Kc5 Rc8+ 43. Kb6 Rc2 44. Kb7 f3 45. b6 f2 46. Ka8 g4 47. b7 Ra2+ 48. Kb8 g3 49. Rc1 g2 50. Kc8 Rb2
51. b8=Q Rxb8+
0-1

[Event "anyone for tennis (I mean chess of course)"]
[Site "SchemingMind.com"]
[Date "2014.01.03"]
[Round "-"]
[White "Phillip Beckett"]
[Black "Sahajaxx"]
[Result "1/2-1/2"]
[WhiteCountry "ENG"]
[BlackCountry "ENG"]
[WhiteElo "1562"]
[WhiteRD "50"]
[BlackElo "1989"]
[BlackRD "92"]
[GameID "344894"]

1. e4 d6 2. d4 Nf6 3. Nc3 g6 4. Nf3 Bg7 5. Be2 O-O 6. O-O Nc6 7. h3 e6 8. Be3 a6 9. Qd2 b5 10. a3 Bb7
11. Bh6 e5 12. dxe5 Nxe5 13. Nxe5 dxe5 14. Qxd8 Rfxd8 15. Bxg7 Kxg7 16. Bf3 Rd4 17. Rad1 Rad8 18. Rfe1 Rxd1 19. Bxd1 Rd6=
1/2-1/2

[Event "anyone for tennis (I mean chess of course)"]
[Site "SchemingMind.com"]
[Date "2014.01.04"]
[Round "-"]
[White "kenneth m day"]
[Black "Sahajaxx"]
[Result "1-0"]
[WhiteCountry "USA"]
[BlackCountry "ENG"]
[WhiteElo "1764"]
[WhiteRD "48"]
[BlackElo "1989"]
[BlackRD "92"]
[GameID "344895"]

1. e4 e6 2. d4 d5 3. Nd2 Be7 4. Ngf3 Nf6 5. e5 Nfd7 6. Bd3 O-O 7. h4 c5 8. c3 Nc6 9. Nf1 c4 10. Bxh7+ Kh8
11. Ng5
1-0

[Event "anyone for tennis (I mean chess of course)"]
[Site "SchemingMind.com"]
[Date "2014.01.06"]
[Round "-"]
[White "Simon Green"]
[Black "emvarela"]
[Result "1-0"]
[WhiteCountry "ENG"]
[BlackCountry "ARG"]
[WhiteElo "1587"]
[WhiteRD "53"]
[BlackElo "1720"]
[BlackRD "50"]
[GameID "344996"]

1. d4 Nf6 2. e3 d5 3. Bd3 Bg4 4. f3 Bd7 5. f4 e6 6. Nf3 c5 7. c3 cxd4 8. exd4 Bd6 9. O-O Qc7 10. Ne5 Nc6
11. Nd2 O-O 12. Ndf3 Bxe5 13. fxe5 Ne8 14. Qe1 f5 15. Qg3 g6 16. Nh4 Ng7 17. Bh6 Be8 18. Rf3 Ne7 19. Qg5 Rf7 20. Raf1 Qd8
21. g4 fxg4 22. Rxf7 Bxf7 23. Bxg7 Kxg7 24. Qf6+
1-0

[Event "anyone for tennis (I mean chess of course)"]
[Site "SchemingMind.com"]
[Date "2014.01.05"]
[Round "-"]
[White "Simon Green"]
[Black "Phillip Beckett"]
[Result "1-0"]
[WhiteCountry "ENG"]
[BlackCountry "ENG"]
[WhiteElo "1587"]
[WhiteRD "53"]
[BlackElo "1562"]
[BlackRD "50"]
[GameID "344997"]

1. d4 e5 2. c3 exd4 3. cxd4 Nf6 4. e3 Be7 5. Bd3 d6 6. f4 O-O 7. Nf3 Bg4 8. O-O Nc6 9. Nbd2 Nd5 10. Qe1 Bf6
11. a3 Re8 12. Be4 Bxf3 13. Bxf3 Nb6 14. Bxc6 bxc6 15. Nf3 Nd5 16. Bd2 Nxf4 17. Qf2 Ng6 18. Rae1 Nh4 19. Nxh4 Bxh4 20. Qxf7+ Kh8
21. g3 Bg5 22. Qf3 Qd7 23. h4 Bf6 24. Bc3 d5 25. Kg2 Rf8 26. Qe2 Be7 27. Rxf8+ Rxf8 28. Rf1 Rxf1 29. Qxf1 Bf6 30. Qf4 Qd6
31. Qxd6 cxd6 32. b4 c5 33. a4 cxd4 34. Bxd4 Bxd4 35. exd4 Kg8 36. Kf3 Kf8 37. Kf4 Ke8 38. h5 Kd7 39. Kf5 Kc7 40. Ke6 Kc6
41. b5+ Kc7 42. Kf7 Kb6 43. Kxg7 Ka5 44. Kxh7 Kxa4 45. Kg6 Kxb5 46. h6 a5 47. h7
1-0

[Event "anyone for tennis (I mean chess of course)"]
[Site "SchemingMind.com"]
[Date "2014.01.06"]
[Round "-"]
[White "Simon Green"]
[Black "kenneth m day"]
[Result "0-1"]
[WhiteCountry "ENG"]
[BlackCountry "USA"]
[WhiteElo "1587"]
[WhiteRD "53"]
[BlackElo "1764"]
[BlackRD "48"]
[GameID "344998"]

1. d4 d5 2. e3 Bf5 3. f4 Nf6 4. Nf3 Nbd7 5. Ne5 Nxe5 6. fxe5 Ne4 7. Bd3 e6 8. O-O h5 9. Nd2 Qh4 10. Bxe4 dxe4
11. Qe1 Qg5 12. Qf2 h4 13. Qf4 Qg6 14. Nc4 Be7 15. Kh1 Bg5 16. Qf2 O-O-O 17. c3 f6 18. exf6 gxf6 19. a4 Rh5 20. b3 Bh6
21. Ba3 Rg8 22. Ra2 Rg5 23. Rg1 h3 24. g3 Bg4 25. Rf1 Rf5 26. Qg1 Bf3+ 27. Rxf3 Rxf3 28. Re2 Qg4 29. Nd2 Rf5 30. Qd1 Bxe3
31. Bc1 Rf2
0-1

[Event "anyone for tennis (I mean chess of course)"]
[Site "SchemingMind.com"]
[Date "2014.01.05"]
[Round "-"]
[White "Simon Green"]
[Black "Sahajaxx"]
[Result "1/2-1/2"]
[WhiteCountry "ENG"]
[BlackCountry "ENG"]
[WhiteElo "1587"]
[WhiteRD "53"]
[BlackElo "1989"]
[BlackRD "92"]
[GameID "344999"]

1. d4 Nf6 2. e3 e6 3. Bd3 d5 4. f4 c5 5. c3 Nc6 6. Nf3 Be7 7. O-O cxd4 8. exd4 Ne4 9. Bxe4 dxe4 10. Ne5 Nxe5
11. fxe5 O-O 12. Qg4 f5 13. exf6 Rxf6 14. Rxf6 Bxf6 15. Qxe4 Qd5 16. Qxd5 exd5 17. Bf4 Bf5 18. Nd2 Re8 19. Kf2 Bd3 20. Re1 Rxe1
21. Kxe1 Bc2 22. Nf3 Be4 23. Kf2 h6 24. Ne5 Bxe5 25. Bxe5 b5 26. g3 Kf7 27. Ke3 Bb1 28. a3 g5 29. h4 gxh4 30. gxh4 h5
31. Kf4 Bd3 32. b4 a6 33. Bd6 Ke6 34. Be5 Bc4 35. Bc7 Be2 36. Be5=
1/2-1/2

[Event "anyone for tennis (I mean chess of course)"]
[Site "SchemingMind.com"]
[Date "2014.01.06"]
[Round "-"]
[White "emvarela"]
[Black "Simon Green"]
[Result "1-0"]
[WhiteCountry "ARG"]
[BlackCountry "ENG"]
[WhiteElo "1720"]
[WhiteRD "50"]
[BlackElo "1587"]
[BlackRD "53"]
[GameID "345000"]

1. e4 e6 2. d4 d5 3. Nc3 Nf6 4. Bg5 Be7 5. e5 Nfd7 6. Bxe7 Qxe7 7. f4 c5 8. Nf3 c4 9. Qd2 Nc6 10. a3 a6
11. Be2 b5 12. O-O f5 13. Ng5 h6 14. Nf3 Bb7 15. b3 O-O-O 16. bxc4 dxc4 17. d5 Qc5+ 18. Kh1 exd5 19. Nxd5 Nb6 20. Nxb6+ Qxb6
21. Qc3 Nd4 22. Nxd4 Bd5 23. Nxf5 Qg6 24. Ne7+ Kc7 25. Nxg6 Rhe8 26. Rad1
1-0

[Event "anyone for tennis (I mean chess of course)"]
[Site "SchemingMind.com"]
[Date "2014.01.05"]
[Round "-"]
[White "Phillip Beckett"]
[Black "Simon Green"]
[Result "0-1"]
[WhiteCountry "ENG"]
[BlackCountry "ENG"]
[WhiteElo "1562"]
[WhiteRD "50"]
[BlackElo "1587"]
[BlackRD "53"]
[GameID "345001"]

1. e4 e6 2. d4 d5 3. Nd2 Nf6 4. exd5 exd5 5. Ngf3 Bd6 6. Bd3 O-O 7. O-O Nc6 8. c3 Bg4 9. Re1 Re8 10. Rxe8+ Qxe8
11. Nf1 Ne4 12. Ne3 Bxf3 13. gxf3 Nf6 14. Ng2 h6 15. Bf4 Qd7 16. Bxd6 Qxd6 17. Qd2 Re8 18. Re1 Ne7 19. Qf4 Qxf4 20. Nxf4 c6
21. Kg2 g5 22. Nh3 Nh5 23. Re5 f6 24. Re6 Kf7 25. Re1 Nf4+ 26. Nxf4 gxf4 27. Rg1 Rg8+ 28. Kf1 Rxg1+ 29. Kxg1 f5 30. Kg2 Kf6
31. Kh3 Ng6 32. a4 a5 33. b4 axb4 34. cxb4 Nf8 35. Kh4 Kg6 36. b5 cxb5 37. axb5 b6 38. Bc2 Ne6 39. Bd3 Nxd4 40. Kh3 Nxf3
41. Kg2 Ne1+
0-1

[Event "anyone for tennis (I mean chess of course)"]
[Site "SchemingMind.com"]
[Date "2014.01.06"]
[Round "-"]
[White "kenneth m day"]
[Black "Simon Green"]
[Result "1-0"]
[WhiteCountry "USA"]
[BlackCountry "ENG"]
[WhiteElo "1764"]
[WhiteRD "48"]
[BlackElo "1587"]
[BlackRD "53"]
[GameID "345002"]

1. e4 e6 2. d4 d5 3. Nd2 Nf6 4. e5 Nfd7 5. Bd3 c5 6. c3 c4 7. Bc2 a6 8. Ngf3 f5 9. exf6 Nxf6 10. Ne5 Nc6
11. Ndf3 Be7 12. h4 Qc7 13. Bf4 Bd6 14. Qe2 b5 15. g4 Bxe5 16. Nxe5 Nxe5 17. Bxe5 Qf7 18. O-O-O O-O 19. h5 h6 20. Rdg1 Nh7
21. f4 Bd7 22. Bg6 Qe7 23. g5 hxg5 24. fxg5 Be8 25. Bxh7+ Kxh7 26. g6+ Kg8 27. h6 Rf6 28. hxg7 Rxg6 29. Rh8+
1-0

[Event "anyone for tennis (I mean chess of course)"]
[Site "SchemingMind.com"]
[Date "2014.01.06"]
[Round "-"]
[White "Sahajaxx"]
[Black "Simon Green"]
[Result "1-0"]
[WhiteCountry "ENG"]
[BlackCountry "ENG"]
[WhiteElo "1989"]
[WhiteRD "92"]
[BlackElo "1587"]
[BlackRD "53"]
[GameID "345003"]

1. Nf3 e6 2. g3 d5 3. Bg2 Nf6 4. O-O Be7 5. d4 c5 6. c4 cxd4 7. cxd5 Nxd5 8. Nxd4 Nc6 9. Nxc6 bxc6 10. Qc2 O-O
11. Rd1 Qb6 12. a3 Bb7 13. Nd2 Rac8 14. Nc4 Qc7 15. b3 Ba6 16. Bb2 Rfd8 17. Be5 Qb7 18. Na5 Qb5 19. Nc4 f6 20. a4 Qb7
21. Bb2 Bxc4 22. Qxc4 a5 23. Qe4 Qxb3 24. Qxe6+ Kf8 25. Rdb1 Qc4 26. Rc1 Qb4 27. Bxd5 Rxd5 28. Qxc8+ Rd8 29. Qxd8+ Bxd8 30. Ba3
1-0

[Event "anyone for tennis (I mean chess of course)"]
[Site "SchemingMind.com"]
[Date "2014.01.09"]
[Round "-"]
[White "mmccaffe"]
[Black "emvarela"]
[Result "1-0"]
[WhiteCountry "USA"]
[BlackCountry "ARG"]
[WhiteElo "1668"]
[WhiteRD "63"]
[BlackElo "1683"]
[BlackRD "48"]
[GameID "345158"]

1. e4 e5 2. Nf3 Nc6 3. Bc4 Nf6 4. d3 d5 5. exd5 Nxd5 6. Nc3 Be6 7. Bb5 Nxc3 8. bxc3 Bd6 9. O-O O-O 10. Re1 Bd7
11. Bb2 Re8 12. Ba4 a6 13. Bb3 Qf6 14. Nd2 Be6 15. Ne4 Qg6 16. Bxe6 Rxe6 17. Nxd6 cxd6 18. Qf3 Rf6 19. Qg3 Qxg3 20. fxg3 d5
21. Re2 Re8 22. Rae1 Rfe6 23. Bc1 e4 24. Bd2 exd3 25. Rxe6 Rxe6 26. Rxe6 fxe6 27. cxd3 Ne5 28. d4 Nc4 29. Bc1 e5 30. dxe5 Nxe5
31. Bf4 Nd3 32. Be3 Nc1 33. Bxc1 Kf7 34. Kf2 b5 35. Ke3 Ke6 36. Kd4 h6 37. Kc5
1-0

[Event "anyone for tennis (I mean chess of course)"]
[Site "SchemingMind.com"]
[Date "2014.01.08"]
[Round "-"]
[White "mmccaffe"]
[Black "Phillip Beckett"]
[Result "1-0"]
[WhiteCountry "USA"]
[BlackCountry "ENG"]
[WhiteElo "1637"]
[WhiteRD "79"]
[BlackElo "1562"]
[BlackRD "50"]
[GameID "345159"]

1. e4 e5 2. Nf3 Nc6 3. Bc4 Nf6 4. d3 Be7 5. Nc3 d6 6. h3 O-O 7. O-O h6 8. a3 a6 9. Be3 b5 10. Bb3 Bb7
11. Nh2 Na5 12. Ba2 c5 13. f4 exf4 14. Bxf4 Nc6 15. Ng4 Nxg4 16. Qxg4 Bg5 17. Nd5 Bxf4 18. Rxf4 Ne5 19. Qg3 Ng6 20. Nf6+ Kh8
21. Nh5 Qg5 22. Qxg5 hxg5 23. Rxf7 Rxf7 24. Bxf7 Ne5 25. Ba2 Rf8 26. Rf1 Rxf1+ 27. Kxf1 Kh7 28. Kf2 g4 29. h4 c4 30. dxc4 bxc4
31. Ke3 Kh6 32. Ng3 g5 33. Nf5+ Kh5 34. hxg5 Kxg5 35. Nxd6 Bc6 36. Nxc4 Nxc4+ 37. Bxc4 a5 38. Bd5 Bd7 39. c4 Kh4 40. e5 Kg3
41. e6 Bxe6 42. Bxe6 Kxg2 43. Bxg4
1-0

[Event "anyone for tennis (I mean chess of course)"]
[Site "SchemingMind.com"]
[Date "2014.01.08"]
[Round "-"]
[White "mmccaffe"]
[Black "kenneth m day"]
[Result "1-0"]
[WhiteCountry "USA"]
[BlackCountry "USA"]
[WhiteElo "1668"]
[WhiteRD "63"]
[BlackElo "1756"]
[BlackRD "49"]
[GameID "345160"]

1. e4 e5 2. Nf3 Nc6 3. Bb5 f5 4. Nc3 fxe4 5. Nxe4 Nf6 6. d3 Be7 7. Bxc6 dxc6 8. Nxe5 Nxe4 9. dxe4 O-O 10. Qxd8 Rxd8
11. O-O Be6 12. Be3 Bf6 13. Nd3 b6 14. Rfd1 c5 15. e5 Be7 16. b3 Rf8 17. Nf4 Bf5 18. Nd5 Bd8 19. c4 c6 20. Nc3 Bc7
21. f4 Rae8 22. h3 g5 23. fxg5 Bxe5 24. Rac1 Bg7 25. Bf2 Bg6 26. Rd6 Rc8 27. Ne2 Rf5 28. h4 Be5 29. Rd7 Rf7 30. Rcd1 Rc7
31. Rxc7 Rxc7 32. Ng3 Re7 33. Re1 Bd6 34. Rd1 Bf4 35. Kf1 Kf7 36. Ne2 Be5 37. Ng3 Bf4 38. Nh1 Bh5 39. Rb1 Re2 40. Ng3 Bg4
41. Nxe2
1-0

[Event "anyone for tennis (I mean chess of course)"]
[Site "SchemingMind.com"]
[Date "2014.01.08"]
[Round "-"]
[White "mmccaffe"]
[Black "Simon Green"]
[Result "1-0"]
[WhiteCountry "USA"]
[BlackCountry "ENG"]
[WhiteElo "1637"]
[WhiteRD "79"]
[BlackElo "1587"]
[BlackRD "53"]
[GameID "345161"]

1. e4 e6 2. d4 d5 3. Nd2 Nf6 4. e5 Nfd7 5. Bd3 c5 6. c3 c4 7. Bc2 Be7 8. Qg4 O-O 9. Ndf3 f5 10. exf6 Bxf6
11. Qxe6+ Kh8 12. Qxd5 Qe7+ 13. Ne2 Nb6 14. Qh5 g6 15. Bxg6 Be6 16. Bg5 N8d7 17. O-O-O Bf7 18. Qxh7#
1-0

[Event "anyone for tennis (I mean chess of course)"]
[Site "SchemingMind.com"]
[Date "2014.01.08"]
[Round "-"]
[White "mmccaffe"]
[Black "Sahajaxx"]
[Result "0-1"]
[WhiteCountry "USA"]
[BlackCountry "ENG"]
[WhiteElo "1637"]
[WhiteRD "79"]
[BlackElo "1989"]
[BlackRD "92"]
[GameID "345162"]

1. e4 c5 2. Nf3 g6 3. d3 Bg7 4. Nc3 Nc6 5. g3 Bxc3+ 6. bxc3 d6 7. Bg2 Qc7 8. O-O Bg4 9. h3 Bd7 10. Be3 h6
11. Qd2 Rd8 12. d4 h5 13. d5 Ne5 14. Nxe5 dxe5 15. f4 Bb5 16. Rf2 h4 17. g4 exf4 18. Bxf4 e5 19. Bg5 Rd6 20. Bf1 c4
21. Bg2 Kf8 22. Raf1 Be8 23. Qe2 Ra6 24. Bf6 Nxf6 25. Rxf6 Rxf6 26. Rxf6 Kg7 27. Qf1 Qe7 28. g5 Qc5+ 29. Kh1 Rh5 30. Bf3 Rxg5
31. Bg4 Qe3 32. d6 Qxe4+ 33. Kh2 Qd5
0-1

[Event "anyone for tennis (I mean chess of course)"]
[Site "SchemingMind.com"]
[Date "2014.01.09"]
[Round "-"]
[White "emvarela"]
[Black "mmccaffe"]
[Result "0-1"]
[WhiteCountry "ARG"]
[BlackCountry "USA"]
[WhiteElo "1683"]
[WhiteRD "48"]
[BlackElo "1668"]
[BlackRD "63"]
[GameID "345163"]

1. e4 e5 2. Nf3 Nc6 3. Bb5 a6 4. Bxc6 dxc6 5. O-O f6 6. d4 exd4 7. Nxd4 Ne7 8. Be3 Ng6 9. Nc3 Bb4 10. Nce2 O-O
11. c3 Bd6 12. Qb3+ Kh8 13. Rad1 Qe7 14. Ng3 Bxg3 15. fxg3 Qf7 16. Qxf7 Rxf7 17. Nf5 Be6 18. a3 Ne5 19. Rd2 Nc4 20. Re2 Rd7
21. Bc1 Rad8 22. Nd4 Bf7 23. b3 Ne5 24. Bf4 Ng6 25. b4 Bc4 26. Rff2 Bxe2 27. Rxe2 Ne5 28. Bxe5 fxe5 29. Nf3 Re8 30. Kf2 Rd3
31. Rc2 Kg8 32. Ke2 Rd6 33. c4 h6 34. c5 Rd7 35. Ke3 Kf7 36. Nd2 Red8 37. Nc4 Kf6 38. Rf2+ Ke6 39. Rf5 Rd3+ 40. Ke2 R3d4
41. Rxe5+ Kf6 42. Rf5+ Ke7 43. Re5+ Kf7 44. Ne3 Rd3 45. Nf5 R8d7 46. Re7+ Rxe7 47. Kxd3 Rd7+ 48. Ke3 Rd1 49. Kf4 Rd2 50. e5 Rxg2
51. h4 Ra2
0-1

[Event "anyone for tennis (I mean chess of course)"]
[Site "SchemingMind.com"]
[Date "2014.01.08"]
[Round "-"]
[White "Phillip Beckett"]
[Black "mmccaffe"]
[Result "0-1"]
[WhiteCountry "ENG"]
[BlackCountry "USA"]
[WhiteElo "1562"]
[WhiteRD "50"]
[BlackElo "1637"]
[BlackRD "79"]
[GameID "345164"]

1. e4 e5 2. Nf3 Nc6 3. Bb5 a6 4. Bxc6 dxc6 5. d4 exd4 6. Qxd4 Bg4 7. Qxd8+ Rxd8 8. Nbd2 Nf6 9. e5 Nd5 10. h3 Bf5
11. c3 Nf4 12. O-O Nd3 13. Nb3 Nxc1 14. Raxc1 Be7 15. Rcd1 O-O 16. Nbd4 Bc8 17. Rfe1 Rfe8 18. Nc2 Rxd1 19. Rxd1 Rd8 20. Rxd8+ Bxd8
21. Ncd4 c5 22. Nb3 b6 23. Nbd2 Bb7 24. Kf1 Bd5 25. b3 f6 26. exf6 Bxf6 27. c4 Bc6 28. Ke2 Bc3 29. g4 Bf6 30. Ke3 Kf7
31. Ne4 h6 32. Nxf6 Kxf6 33. Nh4 a5= 34. Nf5 a4 35. f4 axb3 36. axb3 Bd7 37. Nh4 g5 38. fxg5+ hxg5 39. Nf3 Bc6 40. Ne1 Ke5
41. Nf3+ Kf6 42. Nd2 Bg2 43. h4 gxh4 44. Kf2 Bc6 45. Nf3 Bxf3 46. Kxf3 Kg5
0-1

[Event "anyone for tennis (I mean chess of course)"]
[Site "SchemingMind.com"]
[Date "2014.01.08"]
[Round "-"]
[White "kenneth m day"]
[Black "mmccaffe"]
[Result "1/2-1/2"]
[WhiteCountry "USA"]
[BlackCountry "USA"]
[WhiteElo "1764"]
[WhiteRD "48"]
[BlackElo "1637"]
[BlackRD "79"]
[GameID "345165"]

1. e4 e5 2. f4 Bc5 3. Nf3 d6 4. Nc3 Nf6 5. Bc4 Nc6 6. d3 O-O 7. Bd2 Bg4 8. h3 Bxf3 9. gxf3 Na5 10. Qe2 Nxc4
11. dxc4 exf4 12. Bxf4 Nh5 13. Bh2 Qh4+ 14. Kd2 Qf2 15. Qxf2 Bxf2 16. Raf1 Bb6 17. Re1 Nf6 18. Nd5 Nxd5 19. cxd5 Rae8 20. e5 Bc5
21. exd6 Bxd6 22. Bxd6 cxd6 23. b4 b5 24. Re3=
1/2-1/2

[Event "anyone for tennis (I mean chess of course)"]
[Site "SchemingMind.com"]
[Date "2014.01.08"]
[Round "-"]
[White "Simon Green"]
[Black "mmccaffe"]
[Result "0-1"]
[WhiteCountry "ENG"]
[BlackCountry "USA"]
[WhiteElo "1587"]
[WhiteRD "53"]
[BlackElo "1637"]
[BlackRD "79"]
[GameID "345166"]

1. d4 d5 2. e3 Nf6 3. Bd3 e6 4. f4 c5 5. c3 Nc6 6. Nf3 c4 7. Bc2 b5 8. O-O b4 9. Nbd2 Qa5 10. Ba4 Bd7
11. Bxc6 Bxc6 12. cxb4 Bxb4 13. b3 Bc3 14. b4 Bxb4 15. a3 Be7 16. Ne5 Bd7 17. Qc2 O-O 18. Ndf3 Rfb8 19. Ng5 Be8 20. Ngxf7 Bxf7
21. Nc6 Qc7 22. Nxb8 Rxb8 23. h3 Rb3 24. Rb1 Rd3 25. Rd1 Bg6 26. Ra1 Rxa3 27. Qb2 Rxa1 28. Qxa1 Qb6 29. Ba3 Bxa3 30. Qxa3 Qb3
31. Qxb3 cxb3 32. Rd2 Bc2
0-1